| 000 | 00615nam a22002177a 4500 | ||
|---|---|---|---|
| 005 | 20231004104015.0 | ||
| 008 | 231004b ||||| |||| 00| 0 eng d | ||
| 020 | _a9788184887662 | ||
| 040 |
_aIN-DiNC _cIN-DiNC |
||
| 041 | _deng | ||
| 082 |
_a382 _bAGA |
||
| 100 |
_aAgarwal, O P _eauthor |
||
| 245 |
_aForeign trade and foreign exchange/ _cby O P Agarwal and B K Chaudhuri |
||
| 250 | _a6th rev. ed. | ||
| 260 |
_aMumbai: _bHimalaya publishing house, _c2009 |
||
| 300 | _a551p. | ||
| 650 | _aImport/ export control | ||
| 650 | _aForeihn remittances | ||
| 700 |
_aChaudhuri, B K _eauthor |
||
| 942 |
_2ddc _cBK |
||
| 999 |
_c11683 _d11683 |
||